The Show- Niall Horan (All Lyrics) - Statistics

General Stats
  • This quiz has been taken 45 times
  • The average score is 228 of 287
Answer Stats
Hint Lyrics % Correct
a
100%
no
100%
the
100%
is
97%
like
95%
of
95%
so
95%
some
95%
time
95%
we
95%
you
95%
and
92%
broke
92%
ever
92%
every
92%
everything
92%
game
92%
how
92%
Chorus: if
92%
know
92%
Verse 1: Life
92%
Verse 2: life
92%
not
92%
nothing
92%
to
92%
was
92%
would
92%
board
89%
easy
89%
fake
89%
show
89%
simple
86%
smile
84%
yeah
84%
your
84%
fix
81%
for
81%
tears
81%
ready
78%
are
76%
heartbreaks
76%
it
76%
oh
76%
ride
76%
have
73%
Pre - Chorus: hold
73%
get
70%
mistakes
70%
tight
70%
crime
68%
by
65%
dancefloor
65%
paint
65%
there's
65%
though
65%
still
62%
we're
62%
all
57%
good
57%
through
57%
around
51%
night
51%
stars
51%
again
49%
at
49%
broken
49%
wraps
49%
arms
46%
better
46%
comes
46%
dancing
46%
got
46%
gravity
46%
Bridge: looking
46%
with
46%
but
43%
cause
43%
flies
43%
hurry
43%
lights
43%
lives
43%
our
43%
sun
43%
blinded
41%
ends
41%
it's
41%
plans
41%
whole
41%
her
38%
party
38%
skies
38%
under
38%
until
35%
creeping
32%
games
32%
fun
30%
lot
30%
mmm
24%
ooh
11%
No matching quizzes found
Score Distribution
Percent of People with Each Score
Percentile by Number Answered
Your Score History
You have not taken this quiz